<?xml version="1.0" encoding="UTF-8"?>
<record
    xmlns:xsi="http://www.w3.org/2001/XMLSchema-instance"
    xsi:schemaLocation="http://www.loc.gov/MARC21/slim http://www.loc.gov/standards/marcxml/schema/MARC21slim.xsd"
    xmlns="http://www.loc.gov/MARC21/slim">

  <leader>01050nam0a22002651  4500</leader>
  <controlfield tag="001">rc\2880004</controlfield>
  <controlfield tag="005">20250529213312.0</controlfield>
  <datafield tag="035" ind1=" " ind2=" ">
    <subfield code="a">(NLR Aleph) 007032896</subfield>
  </datafield>
  <datafield tag="090" ind1=" " ind2=" ">
    <subfield code="a">6020957</subfield>
    <subfield code="c">6020957</subfield>
  </datafield>
  <datafield tag="100" ind1=" " ind2=" ">
    <subfield code="a">20110719d1928    |||y0rusy50      ca</subfield>
  </datafield>
  <datafield tag="101" ind1="0" ind2=" ">
    <subfield code="a">rus</subfield>
  </datafield>
  <datafield tag="102" ind1=" " ind2=" ">
    <subfield code="a">RU</subfield>
  </datafield>
  <datafield tag="105" ind1=" " ind2=" ">
    <subfield code="a">y   g   |||||</subfield>
  </datafield>
  <datafield tag="200" ind1="1" ind2=" ">
    <subfield code="a">&#x423;&#x432;&#x43E;&#x43B;&#x44C;&#x43D;&#x435;&#x43D;&#x438;&#x435; &#x438;&#x437; &#x43A;&#x430;&#x434;&#x440;&#x43E;&#x432; &#x420;&#x41A;&#x41A;&#x410; &#x438; &#x43B;&#x44C;&#x433;&#x43E;&#x442;&#x44B; &#x443;&#x432;&#x43E;&#x43B;&#x435;&#x43D;&#x43D;&#x44B;&#x43C;</subfield>
    <subfield code="e">&#x41F;&#x43E;&#x441;&#x43E;&#x431;&#x438;&#x435; &#x434;&#x43B;&#x44F; &#x432;&#x435;&#x434;&#x435;&#x43D;&#x438;&#x44F; &#x441;&#x43F;&#x440;&#x430;&#x432;&#x43E;&#x447;&#x43D;&#x43E;&#x439; &#x440;&#x430;&#x431;&#x43E;&#x442;&#x44B; &#x432; &#x447;&#x430;&#x441;&#x442;&#x44F;&#x445; &#x420;&#x41A;&#x41A;&#x410;</subfield>
    <subfield code="f">&#x412;. &#x41A;&#x430;&#x43D;&#x43D;</subfield>
  </datafield>
  <datafield tag="205" ind1=" " ind2=" ">
    <subfield code="a">2-&#x435; &#x438;&#x437;&#x434;.</subfield>
  </datafield>
  <datafield tag="210" ind1=" " ind2=" ">
    <subfield code="a">&#x41C;&#x43E;&#x441;&#x43A;&#x432;&#x430;</subfield>
    <subfield code="c">&#x412;&#x43E;&#x435;&#x43D;&#x43D;&#x44B;&#x439; &#x432;&#x435;&#x441;&#x442;&#x43D;&#x438;&#x43A;</subfield>
    <subfield code="d">1928</subfield>
    <subfield code="g">"&#x41C;&#x43E;&#x441;&#x43F;&#x43E;&#x43B;&#x438;&#x433;&#x440;&#x430;&#x444;". &#x422;&#x438;&#x43F;&#x43E;-&#x446;&#x438;&#x43D;&#x43A;&#x43E;&#x433;&#x440;&#x430;&#x444;&#x438;&#x44F; "&#x41C;&#x44B;&#x441;&#x43B;&#x44C; &#x43F;&#x435;&#x447;&#x430;&#x442;&#x43D;&#x438;&#x43A;&#x430;"</subfield>
  </datafield>
  <datafield tag="215" ind1=" " ind2=" ">
    <subfield code="a">45, [3] &#x441;.</subfield>
    <subfield code="d">17&#x445;11 &#x441;&#x43C;</subfield>
  </datafield>
  <datafield tag="225" ind1="1" ind2=" ">
    <subfield code="a">&#x412;&#x43E;&#x435;&#x43D;&#x43D;&#x43E;-&#x44E;&#x440;&#x438;&#x434;&#x438;&#x447;&#x435;&#x441;&#x43A;&#x430;&#x44F; &#x431;&#x438;&#x431;&#x43B;&#x438;&#x43E;&#x442;&#x435;&#x43A;&#x430;</subfield>
    <subfield code="v">&#x412;&#x44B;&#x43F;. 8</subfield>
  </datafield>
  <datafield tag="300" ind1=" " ind2=" ">
    <subfield code="a">&#x41D;&#x430; &#x43E;&#x431;&#x43B;. &#x434;&#x430;&#x442;&#x430;: 1927</subfield>
  </datafield>
  <datafield tag="700" ind1=" " ind2="1">
    <subfield code="a">&#x41A;&#x430;&#x43D;&#x43D;</subfield>
    <subfield code="b">&#x412;.&#x412;.</subfield>
    <subfield code="g">&#x412;&#x44F;&#x447;&#x435;&#x441;&#x43B;&#x430;&#x432; &#x412;&#x44F;&#x447;&#x435;&#x441;&#x43B;&#x430;&#x432;&#x43E;&#x432;&#x438;&#x447;</subfield>
  </datafield>
  <datafield tag="801" ind1=" " ind2="0">
    <subfield code="a">RU</subfield>
    <subfield code="b">NLR</subfield>
    <subfield code="g">psbo</subfield>
  </datafield>
  <datafield tag="801" ind1=" " ind2="1">
    <subfield code="a">RU</subfield>
    <subfield code="b">ELAR</subfield>
    <subfield code="2">rusmarc</subfield>
  </datafield>
  <datafield tag="852" ind1=" " ind2=" ">
    <subfield code="a">NLR</subfield>
    <subfield code="j">72/846(8)</subfield>
  </datafield>
  <datafield tag="942" ind1=" " ind2=" ">
    <subfield code="c">BOOK</subfield>
  </datafield>
  <datafield tag="980" ind1=" " ind2=" ">
    <subfield code="a">NB</subfield>
  </datafield>
  <datafield tag="995" ind1=" " ind2=" ">
    <subfield code="5">2013-10-26</subfield>
    <subfield code="b">NLR01</subfield>
    <subfield code="c">NLR01</subfield>
    <subfield code="e">TEMP</subfield>
    <subfield code="f">7032896-10</subfield>
    <subfield code="k">72/846(8)</subfield>
    <subfield code="o">0</subfield>
    <subfield code="r">BOOK</subfield>
    <subfield code="s">728468_</subfield>
  </datafield>
</record>
